000
00288nam a22001217a 4500
008
181129b xxu||||| |||| 00| 0 eng d
041
_a
eng
080
_a
043.3
100
_a
0
101
_a
BTH-SHJ
245
_a
Dallimi mes luftës Guerille dhe terrorizmit
_c
Sejdiu,A
942
_2
udc
_c
BK
999
_c
52674
_d
52674